00190nam a22000977a 4500003000400000082001400004100001800018245002300036260002500059300000800084SGT a677bT12O aPASCUAL, EVA  aTEXTILES PRINTING  aSAbP.E. PUB. c2012 a160